000 00642nam a2200241 a 4500
001 0001-0985
003 ELIB.Books
008 141009 2010 eng
020 _a067166984
035 _a(ELIB.Books)0001-1139
092 _a158
_bCov
100 _aCovey, Stephen R.
245 _aThe 7 Habbits of Highly Effective People
_bRestoring the Character Ethic
260 _aNew York
_bA Fireside Book
_c1989
300 _a358
_c24 Cm
500 _aDr. Yahalaylayla
650 _aSuccess
856 _nKBTS; Library
_uKBTS; Elib.
942 _2ddc
_cBK
990 _a1
998 _cbat
_e2014-10-09
999 _c10985
_d10985